Outward FDI policies in Visegrad countries country report – Slovakia

Vonkajšia politika priamych zahraničných investícií (PZI) v krajinách Vyšehrádskej štvorky. Správa pre Slovensko.

Salvato in:
Dettagli Bibliografici
Autore principale: Ferenčíková, Sonia
Altri autori: Hlušková, Tatiana, 1987-
Natura: Capitolo di libro
Lingua:inglese
Soggetti:
Tags: Aggiungi Tag
Nessun Tag, puoi essere il primo ad aggiungerne!!

MARC

LEADER 00000nla a2200000 4500
001 0214146
005 20240502083537.1
041 0 |a eng 
044 |a PL 
245 1 0 |a Outward FDI policies in Visegrad countries  |b country report – Slovakia  |c Sonia Ferenčíková, Tatiana Hlušková 
520 |a Vonkajšia politika priamych zahraničných investícií (PZI) v krajinách Vyšehrádskej štvorky. Správa pre Slovensko. 
610 2 0 |a Slovensko 
610 2 0 |a Vyšehradská štvorka 
610 2 0 |a investície priame zahraničné 
610 2 0 |a kapitál zahraničný 
610 2 0 |a pohyb kapitálu 
610 2 0 |a politika zahraničná 
100 1 |a Ferenčíková, Sonia 
700 1 |a Hlušková, Tatiana, 1987-